Živnosť alebo s. r. o. ? naštartujte svoje podnikanie

Porovnanie rozdielov a základných výhod a nevýhod podnikania prostredníctvom živnosti a spoločnosti s ručením obmedzeným (s. r. o.). Dane, vedenie účtovníctva, riziko ručenia a ukončenie podnikania. Zhrnutie v skratke.

Enregistré dans:
Détails bibliographiques
Auteur principal: Škulavík, Patrik
Format: Chapitre de livre
Langue:slovaque
Sujets:
Tags: Ajouter un tag
Pas de tags, Soyez le premier à ajouter un tag!

MARC

LEADER 00000naa a2200000 4500
001 0215641
005 20230912114930.4
041 0 |a slo 
044 |a SK 
245 1 0 |a Živnosť alebo s. r. o. ?  |b naštartujte svoje podnikanie  |c Patrik Škulavík 
520 |a Porovnanie rozdielov a základných výhod a nevýhod podnikania prostredníctvom živnosti a spoločnosti s ručením obmedzeným (s. r. o.). Dane, vedenie účtovníctva, riziko ručenia a ukončenie podnikania. Zhrnutie v skratke. 
610 2 0 |a podnikanie 
610 2 0 |a živnosti 
610 2 0 |a spoločnosti s r.o. 
610 2 0 |a založenie podniku 
610 2 0 |a riziko podnikateľské 
610 2 0 |a vedenie účtovníctva 
610 2 0 |a povinnosť daňová 
100 1 |a Škulavík, Patrik